000 00338nam a2200133Ia 4500
005 20251222153534.0
008 251222s9999||||xx |||||||||||||| ||spa||
082 _a801/V67
100 _a Villegas López, Manuel
245 0 _aCharles Chaplin
250 _a1ra .ed
264 _bBiblioteca ABC portagonistas de la historia
942 _cLIB
999 _c30190
_d30190